Statistiques concernant Culture Générale - Série 1068

Cliquez ici pour prendre le quiz!

Statistiques générales

  • Ce quiz a été pris 42 fois
  • Le résultat moyen est 6 sur 10

Statistiques - réponses

QuestionRéponse% Correct
Quel est le pseudo du chanteur belge Paul Van Haver, révélé en 2009 par la chanson "Alors on danse?", dont l'anagramme est "Maestro" ?Stromae
85%
Le rugby est communément surnommé le "ballon...ovale
83%
Quel gamin est le héros d'une série de bande dessinée créée par Zep en 1992 ?Titeuf
80%
Dans quel sport originaire du Midi, les joueurs peuvent-ils s'opposer en triplette, en doublette ou en tête-à-tête ?pétanque
80%
Quel est le prénom du peintre surréaliste belge Magritte ?René
70%
Comment s'appelle l'école de sorcellerie d'Harry Potter ?Poudlard
68%
Quel petit animal proche du furet, dont le nom signifie "puant" en vieux français, est connu pour sécréter une substance malodorante ?putois
65%
Quel artiste révélé par "Plus que tout au monde", prend en 2009, le pseudonyme de Captain Samouraï Flower pour un album centré sur la sauvegarde de la planète, et dont l'anagramme est "Pablo Picasso" ?Pascal Obispo
53%
Quelle chanteuse, dont l'anagramme est "Charlatanerie", triomphe en 1986 avec "Nuit magique" ?Catherine Lara
35%
Quelle est la capitale de l'Algarve, région sud du Portugal?Faro
13%

Distribution des résultats

Percentile par nombre de réponses

% des personnes avec chaque résultat

Votre développement - résultats

Vous n’avez pas pris ce quiz